000 00332nam a2200133Ia 4500
008 100328s9999 xx 000 0 und d
082 _b27811
100 _aजाधव टी.के.
245 _aमुखवटा
260 _bाारा.
630 _aमुखवटा
730 _aमुखवटा
942 _cBOOK
999 _c519517
_d519514